Život na druhom brehu /
Uložené v:
| Hlavný autor: | |
|---|---|
| Ďalší autori: | |
| Médium: | Kniha |
| Jazyk: | Slovak English |
| Vydané: |
Bratislava :
Ikar,
2013.
|
| Vydanie: | [1. vyd.] |
| Témy: | |
| ISBN: |
9788055132389 (brož.) |
| Fyzický popis: |
239 s. ; 21 cm. |
| Tagy: |
Pridať tag
Žiadne tagy, Buďte prvý kto otaguje tento záznam!
|
Titul je dostupný aj v ... 

MARC
| LEADER | 00000nam a22000005a 4500 | ||
|---|---|---|---|
| 001 | 000417513 | ||
| 005 | 20130905133225.0 | ||
| 008 | 130319s2013 xo e 000 0 slo d | ||
| 020 | |a 9788055132389 (brož.) | ||
| 040 | |a SVKKK |b slo |c SVKKK |e AACR2 | ||
| 041 | 1 | |a slo |h eng | |
| 044 | |a xo |c SK | ||
| 072 | 7 | |a 122/129 |x Špeciálna metafyzika |2 konspekt | |
| 080 | |a 128/129 |2 2001 | ||
| 080 | |a 128 |2 2001 | ||
| 080 | |a 165.322 |2 2001 | ||
| 080 | |a (0.062) |2 2001 | ||
| 100 | 1 | |a Eaton, Barry | |
| 240 | 1 | 0 | |a Afterlife. |l Slovensky |
| 245 | 1 | 0 | |a Život na druhom brehu / |c Barry Eaton ; [z anglického originálu preložil Štefan Kočiš]. |
| 250 | |a [1. vyd.] | ||
| 260 | |a Bratislava : |b Ikar, |c 2013. | ||
| 300 | |a 239 s. ; |c 21 cm. | ||
| 500 | |a Preklad z angl. orig. | ||
| 500 | |a Údaj o prekl. prevzatý z tiráže | ||
| 504 | |a Bibliografia: s. [239] | ||
| 650 | 0 | 7 | |a posmrtný život |2 SVKKKPH |
| 650 | 0 | 7 | |a smrť |2 SVKKKPH |
| 650 | 0 | 7 | |a duchovné poznanie |2 SVKKKPH |
| 655 | 7 | |a populárno-náučné publikácie |2 SVKKKPH | |
| 700 | 1 | |a Kočiš, Štefan, |d 1930- |4 trl | |
| 765 | 0 | |t Afterlife. Slovensky |a Eaton, Barry | |
| 910 | |a svkkk | ||
| 919 | |a 978-80-551-3238-9 | ||
| 998 | |a BK | ||
| 090 | |g SCKHL |k Sklad Hlavná 10 prízemie |a III.226037 |j 1045163 |i 2720294546 |s Absenčne | ||